Historia del libro en Chile: desde la colonia hasta el bicentenario

Spremljeno u:
Bibliografski detalji
Glavni autor: Subercaseux Summerhoff, Bernardo (Autor)
Format: Knjiga
Jezik:španjolski
Izdano: Santiago LOM 2000
Izdanje:2a. ed
Teme:
Oznake: Dodaj oznaku
Bez oznaka, Budi prvi tko označuje ovaj zapis!

MARC

LEADER 00000nam a2200000 a 4500
001 UCG4732
003 CL-VaPUC
008 101125e20000000CL |||||||||||||||||spa|d
020 |a 9789560001641 
082 0 4 |a 002  |b SUB  |2 21 
100 0 |a Subercaseux Summerhoff, Bernardo  |e author  |9 554177 
245 1 0 |a Historia del libro en Chile: desde la colonia hasta el bicentenario 
250 |a 2a. ed 
300 |a 337 p 
942 |c BK 
945 |d 20101125 00:00:00  |a mfarfan 
260 |a Santiago  |b LOM  |c 2000 
650 0 |a Libros  |9 334511 
650 0 |a Historia  |9 255047 
650 0 |a Imprenta  |9 265883 
651 7 |a CHILE  |2 CL-VaPUC  |9 554178 
583 |a last modification  |c 20101125 00:00:00  |k Rodrigo Vera 
999 |c 343381  |d 343379 
952 |0 0  |1 0  |4 0  |6 002_000000000000000_SUB_2000  |7 0  |8 X  |9 440667  |a FDOBUD  |b FDOBUD  |d 2019-11-22  |i 4737091  |o 002 SUB 2000  |p 4737091  |r 2019-11-22  |w 2019-11-22  |y BK_X  |k BUD